000 00471nam a2200181Ia 4500
001 3724
005 20260306145704.0
008 260306t2017||||xx |||||||||||||| ||spa||
041 _aESP
082 _a302.2
_bB15 Nº 1
100 _aBaena Paz, Guillermina
_eAUT
245 0 _aCiencias de la comunicación 1:
_bserie integral por competencias
260 _c2017
300 _aix, 137 páginas :
_c27 cm.
650 _aGEN
654 _aCED
942 _cLIB
_dJUS
_fJUS
_2ddc
_n
999 _c3724
_d3724